00833nam a2200241Ia 4500003000900000005001700009008004100026040001300067040001300080041000800093100002800101100001400129245007100143250001100214260001200225260000900237300001200246490000600258600010000264942001200364999001700376952019800393IT-RoPAU20220918175532.0120407s9999 xx 000 0 und d aIT-RoPAU cIT-RoPAU aita aArmando Guidetti934762 cs.j.9337 aL’Apologia di Gesù nei Vangeli. Introd. e note di A. Guidetti. aMilano aLetture c1953 c21,5 cm v4 a" 1. Gesù Messia. 2. Gesù Dio. 3. Gesù Salvatore. 4. Gesù Figlio di Dio."934763 cBK2ddc c17506d17506 00102ddc406226_12000000000000071aPAULUSbPAULUSd2012-04-11l0o226.12r2012-04-11 00:00:00w2012-04-11yBKzInserito da: Anna In data: 12 settembre 2011 fondo: Via A.Severo 56 Progr:16667